Sports Quiz

Random Sports Quiz

Highest Paid American Sports Stars Quiz Stats

 Plays Quiz not verified by Sporcle

Challenge
Share
Tweet
Embed
Score 0/10 Timer 03:00
0 Plays Today
Sport Name % Correct
4. BasketballLeBron James
96.9%
1. GolfTiger Woods
96.9%
7. BasketballKobe Bryant
84.4%
2. GolfPhil Mickelson
82.8%
9. NFLPeyton Manning
79.7%
5. BaseballAlex Rodriguez
70.3%
10. BasketballDwyane Wade
67.2%
8. BaseballDerek Jeter
56.3%
3. BoxingFloyd Mayweather Jr.
54.7%
6. BasketballShaquille O’Neal
40.6%

You're not logged in!

Compare scores with friends on all Sporcle quizzes.
Join for Free
OR
Log In

You Might Also Like...

Show Comments

Extras

Top Quizzes Today


Score Distribution

Your Account Isn't Verified!

In order to create a playlist on Sporcle, you need to verify the email address you used during registration. Go to your Sporcle Settings to finish the process.

Report this User

Report this user for behavior that violates our Community Guidelines.

Details: